000 00315cam a2200133ua 4500
041 _aeng
_h
100 _asamate, v.V .
245 _aSpecial studies in Agriculture exetension Vol.I
260 _a :
_bMonitoring and exetensional ,
_c1997.
300 _a ; .
504 _a
942 _cBK
999 _c12938
_d12938